Normal view MARC view
  • Soni Meenakshi; Sharma Sonia & Toshniwal Varun

Entry Personal Name

Number of records used in: 1

001 - CONTROL NUMBER

  • control field: 180569

003 - CONTROL NUMBER IDENTIFIER

  • control field: OSt

005 - DATE AND TIME OF LATEST TRANSACTION

  • control field: 20230314162709.0

008 - FIXED-LENGTH DATA ELEMENTS

  • fixed length control field: 230314|| aca||aabn | a|a d

040 ## - CATALOGING SOURCE

  • Original cataloging agency: OSt
  • Transcribing agency: OSt

100 ## - HEADING--PERSONAL NAME

  • Personal name: Soni Meenakshi; Sharma Sonia & Toshniwal Varun

670 ## - SOURCE DATA FOUND

  • Source citation: Work cat.: (OSt)143268: Soni Meenakshi; Sharma Sonia & Toshniwal Varun, Textbook of Mental Health Nursing for GNM Nursing Students, 2021